000 00379nam a2200157Ia 4500
008 230917s9999||||xx |||||||||||||| ||und||
040 _e80186
_aMAIN
041 _aEnglish
082 _a300.72 B167M
100 _aBajpai, S R
245 0 _aMethods of social survey and research
250 _a14th ed.
260 _aKanpur
_bKitab Ghar
_c1989
300 _a528 p.
942 _cBK
999 _c63415
_d63415